[Event "It (open)"]
[Site "masterchessopen.com - Auckland (New Zealand)"]
[Round "9"]
[White "Zakaria Fairin (MAS)"]
[Black "Garbett Paul Anthony (NZL)"]
[Result "1-0"]
[WhiteElo "2196"]
[BlackElo "2303"]

1.d4 Nf6 2.c4 d6 3.Nf3 Nbd7 4.Nc3 e5 5.e4 Be7 6.Be2 O-O 7.O-O c6 8.Be3 a6 9.d5
cxd5 10.cxd5 b5 11.Nd2 Nb6 12.a4 b4 13.a5 Nbd7 14.Na4 Nc5 15.Nb6 Rb8 16.f3 Bd7
17.Bxc5 dxc5 18.Ndc4 Ne8 19.Nxe5 Rxb6 20.axb6 Bf6 21.f4 Bxe5 22.fxe5 Qxb6
23.Rxa6 Qb8 24.e6 fxe6 25.dxe6 Bc8 26.e7 {#r} 1-0

[Event "It (open)"]
[Site "masterchessopen.com - Bad Zwesten (Germany)"]
[Round "5"]
[White "Mensching Wilfried (GER)"]
[Black "Diehl Klaus (GER)"]
[Result "0-1"]
[WhiteElo "1903"]
[BlackElo "2112"]

1.d4 d6 2.c4 e5 3.e4 Nd7 4.Nf3 Ngf6 5.Nc3 c6 6.Be2 Be7 7.O-O O-O 8.Qc2 Re8
9.h3 Qc7 10.Be3 Nf8 11.d5 Ng6 12.Rfc1 Bf8 13.b4 Bd7 14.Rab1 Rac8 15.Nd2 Nf4
16.Bf1 cxd5 17.Bxf4 exf4 18.exd5 g6 19.Nde4 Qd8 20.Qd3 Bf5 21.f3 Nh5 22.Qd4 h6
23.Bd3 Bg7 24.Qf2 Ng3 25.Qc2 Bxc3 26.Nxc3 Bxd3 27.Qxd3 Re3 28.Qd4 Rxc3 29.Kh2
Rxc1 30.Rxc1 {#R} 0-1

[Event "Ch India (w)"]
[Site "masterchessopen.com - Calicut (India)"]
[Round "4"]
[White "Mohota Nisha (IND)"]
[Black "Meera Sai (IND)"]
[Result "1-0"]
[WhiteElo "2286"]
[BlackElo "2135"]

1.d4 Nf6 2.c4 d6 3.Nc3 Nbd7 4.e4 e5 5.Nf3 Be7 6.Be2 c6 7.O-O O-O 8.h3 a6 9.Be3
b5 10.dxe5 dxe5 11.a3 Bb7 12.Rc1 Qb8 13.Qc2 Bc5 14.Nh4 g6 15.Bh6 Re8 16.b4 Bd4
17.c5 Kh8 18.Qd3 a5 19.Nf3 axb4 20.axb4 Bxc3 21.Rxc3 Nf8 22.Ng5 Qc7 23.Qd6
Qxd6 24.Nxf7+ Kg8 25.Nxd6 Reb8 26.Bd1 Bc8 27.Rf3 {#r} 1-0

[Event "It (a)"]
[Site "masterchessopen.com - Cullera (Spain)"]
[Round "6"]
[White "Spassov Liuben (BUL)"]
[Black "Garcia Fernandez Carlos (ESP)"]
[Result "1-0"]
[WhiteElo "2377"]
[BlackElo "2360"]

1.d4 d6 2.Nf3 Nd7 3.e4 e5 4.c4 Ngf6 5.Nc3 Be7 6.Be2 O-O 7.O-O c6 8.Be3 Re8
9.d5 a6 10.Nd2 cxd5 11.cxd5 b5 12.b4 Nb6 13.a4 bxa4 14.Nxa4 Nxa4 15.Rxa4 Bb7
16.Qa1 Qb8 17.Rb1 Nd7 18.Bxa6 Bxa6 19.Rxa6 Qb7 20.b5 Reb8 21.Ra7 Rxa7 22.Qxa7
Qc8 23.Qa6 Rb7 24.Nc4 {#r} 1-0

[Event "Czech League 2002/03 (2nd) (b)"]
[Site "masterchessopen.com - Czech Republic"]
[Round "8"]
[White "Horak Vladimir (CZE)"]
[Black "Petuchov Sergej (CZE)"]
[Result "0-1"]
[WhiteElo "2155"]
[BlackElo "2223"]

1.d4 d6 2.c4 Nd7 3.Nc3 e5 4.Nf3 Ngf6 5.e4 c6 6.Be2 Be7 7.O-O O-O 8.dxe5 dxe5
9.Qc2 Qc7 10.Rd1 a5 11.h3 Nc5 12.Be3 Ne6 13.Rac1 Bc5 14.Nd5 cxd5 15.cxd5 Bxe3
16.Qxc7 Nxc7 17.fxe3 Nce8 18.d6 Nd7 19.Bb5 Nef6 20.Rc7 Rd8 21.Rdc1 Nxe4
22.Rxc8 Raxc8 23.Rxc8 Rxc8 24.Bxd7 Rc1+ 25.Kh2 Nxd6 26.Nxe5 Rc2 27.b3 Rxa2
28.Bg4 Rb2 29.Bd1 g6 30.Nd7 Nf5 {#R} 0-1

[Event "It (open)"]
[Site "masterchessopen.com - Kharkov (Ukraine)"]
[Round "1"]
[White "Lapienis Donatas (LTU)"]
[Black "Matjushin Gennady (UKR)"]
[Result "0-1"]
[WhiteElo "2311"]
[BlackElo "2431"]

1.d4 d6 2.c4 Nf6 3.Nc3 Nbd7 4.e4 e5 5.Nf3 c6 6.Be2 Be7 7.O-O a6 8.a4 a5 9.Bg5
h6 10.Bh4 O-O 11.d5 Nc5 12.Qc2 Nxd5 13.exd5 Bxh4 14.dxc6 bxc6 15.Rad1 Bf6
16.Nd2 Ne6 17.Nb3 Rb8 18.Bf3 Qb6 19.Nd2 Be7 20.Rb1 f5 21.Na2 e4 22.Bd1 Nd4
23.Qc3 Bf6 24.Qe3 Re8 25.g3 Bg5 26.Qc3 e3 27.Nf3 e2 28.Nxd4 exf1=Q+ 29.Kxf1
Bf6 {#R} 0-1

[Event "It (open)"]
[Site "masterchessopen.com - Mainz (Germany)"]
[Round "2"]
[White "Dreev Alexey (RUS)"]
[Black "Kandic Milan (SRB)"]
[Result "1-0"]
[WhiteElo "2698"]
[BlackElo "2235"]

{ Dreev Alexey (RUS) +1 =0 -0 Kandic Milan (YUG) +0 =3 -1 } 1.d4 { 1 } 1...Nf6
2.c4 d6 3.Nc3 Nbd7 4.e4 e5 5.Nf3 Be7 6.Be2 O-O 7.O-O c6 8.d5 Qc7 9.Be3 { ? }
9...Ng4 ( 9...Rd8 10.Qc2 ( 10.Nd2 Nf8 11.Kh1 Ng6 12.g3 Bd7 13.Rc1 Rac8 14.f4
exf4 15.gxf4 Re8 16.Rg1 Kh8 17.Rg3 Bf8 18.Qg1 Qa5 19.Bd4 Qd8 20.Rf1 Qe7 21.Bd3
a6 22.Rg5 c5 23.Be3 b5 24.b3 b4 25.Nd1 a5 26.Nf2 a4 27.Nf3 Nxe4 28.Bxe4 f5
29.Rxg6 { ...1-0, Naumkin Igor 2470 - Pribyl Martin 2215 , Prague 1989 It
(open) "Sport-Turist" } ) 10...Nf8 11.Rfd1 Ng6 12.g3 Ng4 13.Bd2 Qb6 14.Rf1 Bd7
15.Ne1 Rac8 16.Ng2 h5 17.Ne3 Nf6 18.h4 Bf8 19.Qd1 Ng4 20.Nxg4 hxg4 21.Na4 Qd4
22.Nc3 f5 23.Qc2 f4 24.h5 Ne7 25.Rad1 Qb6 26.gxf4 cxd5 27.cxd5 exf4 28.Bxf4
Qa5 29.Bxd6 { ...1-0, Tuschinske Matthias 2095 - Kandic Milan 2315 , Bad
Driburg 1992 Ch OWL } ) ( 9...c5 10.Rb1 Ne8 11.Ne1 f5 12.exf5 Rxf5 13.Nd3 Rf7
14.b4 b6 15.Bg4 Nf8 16.Bxc8 Qxc8 17.bxc5 bxc5 18.Ne4 h6 19.f4 exf4 20.Bxf4 Qa6
21.Qc2 Nf6 22.Ng3 N6d7 23.Rbe1 Ng6 24.Bxh6 Rxf1+ 25.Rxf1 Nge5 26.Nxe5 Nxe5
27.Nf5 Bf6 28.Bxg7 Bxg7 29.Ne7+ { ...1-0, Glek Igor V 2590 - Nazarenus Moritz
2110 , Willingen 2001 It (open) "Sauerland Stern Hotel" } ) 10.Bd2 { }
10...Kh8 { N } ( 10...Ngf6 11.b4 cxd5 12.cxd5 Re8 13.Rc1 Nf8 14.Nb5 Qd8 15.Nc7
Bd7 16.Nxa8 Qxa8 17.Qc2 Ng6 18.Rfe1 h6 19.Bf1 a6 20.a4 Rf8 21.Qb3 Ng4 22.h3
Nf6 23.b5 a5 24.b6 Nh5 25.Rc7 Bc8 26.Qc3 { 1-0, Horvath Csaba 2513 - Kewes
Gerd 2222 , Bern 2000 It (open) } ) ( 10...a5 11.a3 Nc5 12.h3 Nf6 13.Qc2 a4
14.Rab1 Bd7 15.Be3 cxd5 16.exd5 Qc8 17.Rbe1 Bf5 18.Qd1 Nfd7 19.Nh2 Bg6 20.f4
exf4 21.Bxf4 Ne5 22.Ng4 Nxg4 23.Bxg4 Qd8 24.Re3 Bf6 25.Nb5 Qb6 26.Kh1 Rad8
27.Qe2 Nb3 28.Qf2 Na5 29.Be2 Qc5 30.Rf3 { ...1-0, Farago Ivan 2475 - Hansen
Mads Smith 2245 , Hastings 1990 It (open) } ) ( 10...Nb6 11.h3 Nf6 12.b4 h6
13.Qb3 Kh8 14.Be3 Nbd7 15.Rac1 Rd8 16.Rfd1 c5 17.a3 b6 18.Rb1 a6 19.Ne1 Rg8
20.Qa4 Nf8 21.Qc6 Qa7 22.bxc5 bxc5 23.f4 Ng6 24.f5 Nf8 25.g4 g5 26.Kf2 N8h7
27.Qa4 Bd7 28.Qc2 Bd8 29.Kf3 { 1/2-1/2, Behrmann Joachim 2175 - Pinter Andrej
2086 , Bled 2001 It (open) } ) 11.Ne1 f5 12.Bxg4 fxg4 13.Qxg4 Nf6 14.Qe2 Bg4
15.f3 Bh5 16.Nd3 b5 { ? } ( { ? } 16...c5 17.Qe1 Nd7 18.b3 Qd8 { } ) 17.Nb4
cxd5 18.Nbxd5 Nxd5 19.Nxd5 Qb7 20.cxb5 Rab8 21.Be3 Bd8 22.a4 Bf7 23.Rfd1 a6 {
?! } ( 23...Rc8 { !? } 24.Qf2 Ra8 25.Rac1 Ba5 { } ) 24.bxa6 Ra8 25.Bc1 { ?? }
( { ? } 25.axb7 Rb8 26.Qa6 { } ) {#r} 1-0

[Event "It (open)"]
[Site "masterchessopen.com - Mar del Plata (Argentina)"]
[Round "3"]
[White "Atalik Suat (BIH)"]
[Black "Cordero Alfredo (ARG)"]
[Result "1-0"]
[WhiteElo "2541"]
[BlackElo "2251"]

1.d4 d6 2.Nf3 Nf6 3.c4 Nbd7 4.Nc3 e5 5.e4 Be7 6.Be2 O-O 7.O-O c6 8.Be3 Ne8
9.b4 g6 10.Qb3 Ng7 11.Rad1 Qc7 12.Rd2 Nf6 13.h3 Nfh5 14.d5 Nf6 15.c5 Nd7
16.cxd6 Bxd6 17.Rfd1 cxd5 18.Nb5 {#r} 1-0

[Event "Cup Russia (open)"]
[Site "masterchessopen.com - Tomsk (Russia)"]
[Round "8"]
[White "Galuzin Gennady (RUS)"]
[Black "Nikolaeva Alexandra (RUS)"]
[Result "1-0"]
[WhiteElo "2106"]
[BlackElo "2133"]

1.d4 Nf6 2.c4 d6 3.Nc3 Nbd7 4.e4 e5 5.Nf3 Be7 6.h3 O-O 7.Be3 Re8 8.d5 Rf8
9.Bd3 a5 10.Bc2 b6 11.O-O h6 12.Qd2 Nh7 13.a3 Nc5 14.b4 Nb7 15.Rab1 f5 16.exf5
Bxf5 17.Ne4 axb4 18.axb4 Ra2 19.Qc1 Kh8 20.Nfd2 Qd7 21.Rb2 Rfa8 22.Ng3 Bxc2
23.Qxc2 Rxb2 24.Qxb2 Qa4 25.Nf5 Bg5 26.f4 Bf6 27.Ne4 exf4 28.Nxf6 Nxf6 29.Bd4
Re8 {#r} 1-0

[Event "It (open)"]
[Site "masterchessopen.com - Zalakaros (Hungary)"]
[Date "2003.05.16"]
[Round "1"]
[White "Czebe Attila (HUN)"]
[Black "Rezsek Gyozo (HUN)"]
[Result "1-0"]
[WhiteElo "2477"]
[BlackElo "2137"]

1.d4 Nf6 2.c4 d6 3.Nc3 Nbd7 4.Nf3 e5 5.e4 Be7 6.Be2 O-O 7.O-O Re8 8.d5 Nf8
9.Ne1 Ng6 10.Nd3 c6 11.Be3 cxd5 12.cxd5 Bd7 13.Rc1 Rf8 14.g3 Bh3 15.Re1 Qd7
16.f3 Nh5 17.Nf2 a6 18.Na4 Bd8 19.Nb6 Bxb6 20.Bxb6 Rac8 21.Rxc8 Rxc8 22.f4
Nhxf4 23.gxf4 Nxf4 24.Be3 Ng2 25.Bf1 Nxe3 26.Rxe3 Bxf1 27.Kxf1 Qb5+ 28.Qe2 Rc4
29.Kg2 Qc5 30.Qxc4 {#r} 1-0

[Event "Ch Giessen"]
[Site "masterchessopen.com - Giessen (Germany)"]
[Date "2003.09.30"]
[Round "2"]
[White "Drobinski Martin (GER)"]
[Black "Wiegand Helmut"]
[Result "0-1"]
[WhiteElo "1933"]
[BlackElo "1891"]

1.d4 d6 2.c4 Nd7 3.Nc3 e5 4.Nf3 Ngf6 5.e4 Be7 6.Be3 Ng4 7.Qd2 Nxe3 8.Qxe3 exd4
9.Qxd4 Bf6 10.Qd2 Bxc3 11.Qxc3 O-O 12.O-O-O Qe7 13.Bd3 a5 14.h4 Nc5 15.Rde1 f6
16.Re3 Qf7 17.Bb1 Qh5 18.Nd2 a4 19.Rg3 Qe5 20.Qxe5 fxe5 21.h5 Rxf2 22.h6 g6
23.Nf3 Bd7 24.Nh4 Raf8 25.Nf5 Kh8 26.Ne3 c6 27.Bc2 Ne6 28.Bd1 Nd4 29.Rg5 {#R}
0-1

[Event "Ch Kiev"]
[Site "masterchessopen.com - Kiev (Ukraine)"]
[Date "2004.01.16"]
[Round "1"]
[White "Malakhatko Vadim (BEL)"]
[Black "Kiselev Vladimir (UKR)"]
[Result "1-0"]
[WhiteElo "2571"]
[BlackElo "2160"]

{ Malakhatko Vadim (UKR) +1 =0 -0 Kiselev Vladimir (UKR) +1 =0 -0 } 1.d4 { 1 }
1...Nf6 2.Nf3 d6 3.c4 Nbd7 4.Nc3 e5 5.e4 Be7 6.Be2 c6 7.O-O O-O 8.Be3 ( 8.Re1
a6 9.Bf1 b5 10.a3 Bb7 11.d5 cxd5 12.cxd5 Nb6 13.h3 Bc8 14.Be3 Bd7 15.Nd2 Qb8
16.Bd3 Rc8 17.Qe2 Ra7 18.Rec1 Rac7 19.Rc2 h6 20.Rac1 Bd8 21.Na2 Rxc2 22.Rxc2
Rxc2 23.Bxc2 Nc8 24.Nb4 Qb7 25.Bd3 Bb6 26.Nb3 Kf8 27.Bxb6 Nxb6 { ...1-0,
Malakhatko Vadim 2543 - Kodinets Konstantin L 2409 , Internet 2003 Match
"Russia-Ukraine" (blitz) } ) 8...Qc7 9.d5 { ? } 9...Ne8 { } ( 9...c5 10.Rb1
Ne8 11.Ne1 f5 12.exf5 Rxf5 13.Nd3 Rf7 14.b4 b6 15.Bg4 Nf8 16.Bxc8 Qxc8 17.bxc5
bxc5 18.Ne4 h6 19.f4 exf4 20.Bxf4 Qa6 21.Qc2 Nf6 22.Ng3 N6d7 23.Rbe1 Ng6
24.Bxh6 Rxf1+ 25.Rxf1 Nge5 26.Nxe5 Nxe5 27.Nf5 Bf6 28.Bxg7 Bxg7 29.Ne7+ {
...1-0, Glek Igor V 2590 - Nazarenus Moritz 2146 , Willingen 2001 It (open)
"Sauerland Stern Hotel" } ) ( 9...Rd8 10.Nd2 Nf8 11.Kh1 Ng6 12.g3 Bd7 13.Rc1
Rac8 14.f4 exf4 15.gxf4 Re8 16.Rg1 Kh8 17.Rg3 Bf8 18.Qg1 Qa5 19.Bd4 Qd8 20.Rf1
Qe7 21.Bd3 a6 22.Rg5 c5 23.Be3 b5 24.b3 b4 25.Nd1 a5 26.Nf2 a4 27.Nf3 Nxe4
28.Bxe4 f5 29.Rxg6 { ...1-0, Naumkin Igor 2470 - Pribyl Martin 2316 , Prague
1989 It (open) "Sport-Turist" } ) 10.Nd2 { N } ( 10.Ne1 g6 11.Nd3 Ng7 12.f4
exf4 13.Bxf4 Bf6 14.Qd2 Re8 15.Bf3 Qb6+ 16.Kh1 c5 17.Bg4 Ne5 18.Bxe5 Bxe5
19.Qf2 f5 20.exf5 Bd4 21.Qg3 Re3 22.Rf3 Rxf3 23.Qxf3 gxf5 24.Bh3 Bd7 25.Ne2
Re8 26.Nef4 Re3 27.Qd1 Qd8 28.Qd2 Qe7 29.Rf1 Qe4 { ...1-0, Pajeken Wolfgang
2260 - Dreyer Michael Dr 2220 , Germany 1996 Oberliga North 1995/96 } )
10...Bf6 11.b4 c5 12.a3 g6 13.Rb1 Bg7 14.Nb3 b6 15.bxc5 { } ( 15.Qd3 { !? }
15...a6 16.Bg5 f5 17.exf5 { } ) 15...Nxc5 16.Nxc5 dxc5 17.a4 Bd7 18.a5 Nd6
19.Qc2 { ?! } ( 19.axb6 { !? } 19...axb6 20.Qb3 Ra6 21.f3 { } ) 19...Rfb8 { ?!
} ( 19...bxa5 { !? } 20.f3 Rab8 21.Na4 Bxa4 { } ) 20.Rb3 { ?! } ( 20.axb6 { !?
} 20...Rxb6 21.f3 Rab8 22.Rxb6 { } ) 20...a6 { ?! } ( 20...bxa5 { !? } 21.Ra3
Rb4 22.Qa2 Nb7 { } ) 21.Rfb1 { } ( 21.axb6 { !? } 21...Rxb6 22.Rxb6 Qxb6
23.Qa2 { } ) 21...b5 { ?! } ( 21...bxa5 { !? } 22.Rxb8+ Rxb8 23.Rxb8+ Qxb8 { }
) 22.cxb5 axb5 23.Bxb5 c4 24.R3b2 Bxb5 { ? } ( 24...Rxb5 25.Nxb5 Bxb5 26.Rxb5
Nxb5 { } ) 25.Bb6 { } {#r} 1-0

[Event "Ch Vietnam"]
[Site "masterchessopen.com - Dalat City (Vietnam)"]
[Date "2004.03.13"]
[Round "3"]
[White "Dao Thien Hai (VIE)"]
[Black "Tu Hoang Thong (VIE)"]
[Result "1-0"]
[WhiteElo "2601"]
[BlackElo "2499"]

{ Dao Thien Hai (VIE) +2 =0 -0 } 1.d4 { 1 } 1...Nf6 2.c4 d6 3.Nf3 Nbd7 4.Nc3
e5 5.e4 Be7 6.Be2 O-O 7.O-O c6 8.Re1 ( 8.h3 a6 9.a3 b5 10.Qc2 Re8 11.Rd1 Qc7
12.Be3 Bb7 13.Rac1 Bf8 14.dxe5 dxe5 15.Qb1 b4 16.axb4 Bxb4 17.Nd2 Bc5 18.Bxc5
Nxc5 19.b4 Ne6 20.c5 a5 21.Nc4 axb4 22.Qxb4 Ba6 23.Qb6 Bxc4 24.Bxc4 Qc8
25.Bxe6 Rxe6 26.Qb4 Nh5 27.Rd6 Nf4 { ...1-0, Dao Thien Hai 2475 - Ismail
Ibrahem Y 2105 , Szeged 1994 Ch World (juniors) (under 18) } ) 8...Re8 9.Bf1
a6 ( 9...Bf8 10.Rb1 b6 11.b4 exd4 12.Nxd4 Bb7 13.f3 d5 14.b5 cxb5 15.cxd5 b4
16.Nce2 Nxe4 17.fxe4 Rxe4 18.Nc6 Bc5+ 19.Kh1 Qf6 20.Bb2 Qh6 21.Ng1 Bd6 22.Nh3
Nc5 23.Qc2 Rae8 24.Rxe4 Rxe4 25.Rd1 a5 26.Bd4 Re8 27.Bxc5 Bxc5 28.Nxa5 Bc8
29.Nb3 { ...1-0, Spraggett Kevin 2521 - Day Lawrence A 2319 , Brantford 1999
Ch Canada } ) 10.Rb1 ( 10.a4 a5 11.Qc2 Bf8 12.h3 exd4 13.Nxd4 g6 14.Bf4 Qc7
15.Rad1 Nc5 16.Bg5 Nfd7 17.Be3 Bg7 18.f4 Qb6 19.g4 Nf6 20.Bf2 Qb4 21.f5 Nfd7
22.g5 Ne5 23.b3 Nf3+ 24.Nxf3 Qxc3 25.Qxc3 Bxc3 26.Re3 Bb4 27.fxg6 hxg6 28.e5
dxe5 29.Rxe5 Ne6 { ...1-0, Reshevsky Samuel H 2460 - Haik Aldo 2363 , New York
1984 It (open) } ) ( 10.h3 Bf8 11.Bg5 h6 12.Bh4 b5 13.a3 Bb7 14.cxb5 cxb5
15.d5 Be7 16.Bg3 Nf8 17.Nd2 Qb8 18.a4 b4 19.Na2 a5 20.Bb5 Rc8 21.Nc1 N8d7
22.Ncb3 Nc5 23.Nxc5 Rxc5 24.f3 Ba6 25.Bxa6 Rxa6 26.Bf2 Rc8 27.Qe2 Ra8 28.Rec1
Bd8 29.Rc4 Rxc4 { ...1-0, Gurevich Mikhail 2620 - Hamed Ahmed 2320 , Tanta
1997 It (open) } ) 10...Qc7 11.b4 { ?/= } ( 11.a3 b5 12.b4 exd4 13.Qxd4 Ne5
14.Nxe5 dxe5 15.Qd2 Be6 16.Qc2 Nd7 17.Nd1 Rac8 18.Ne3 Qb8 19.c5 Rcd8 20.Nf5
Bf8 21.Bg5 f6 22.Be3 g6 23.Ng3 Be7 24.a4 Nf8 25.axb5 axb5 26.Ra1 Qc7 27.Ra6
Ra8 28.Rea1 Rxa6 29.Rxa6 Qb7 30.Ra3 Ra8 { ...1-0, Frias Victor J 2493 -
Quinteros, New York 1986 It (open) } ) ( 11.d5 cxd5 12.cxd5 b5 13.Bd2 Nb6
14.a4 bxa4 15.Nxa4 Nxa4 16.Qxa4 Bd7 17.Qa3 Bb5 18.Rbc1 Qb8 19.Ba5 Bxf1 20.Kxf1
Qb5+ 21.Kg1 Rec8 22.Nd2 Ne8 23.b3 Rxc1 24.Rxc1 Bg5 25.Rc4 Bxd2 26.Bxd2 f5
27.exf5 Qxd5 28.Qc1 Qd3 29.Qc2 Qe2 30.h3 Kf8 { ...1-0, Luczak Andrzej 2370 -
Espig Lutz 2470 , Makarczyk 1978 It } ) 11...Bf8 ( 11...exd4 12.Nxd4 Ne5
13.Qc2 Bd7 14.Bf4 Rac8 15.Nb3 Be6 16.Nd1 b5 17.Ne3 Nh5 18.Bg3 Nxg3 19.hxg3 Qa7
20.Rbc1 bxc4 21.Nxc4 Nxc4 22.Bxc4 d5 23.Bd3 Bxb4 24.Rf1 g6 25.exd5 Bxd5 26.Bc4
Rcd8 27.Bxd5 cxd5 28.Qd3 Rd6 29.Rc2 Qb6 30.Rd1 d4 31.Rc4 { ...0-1, Ho Andrew
2305 - Spraggett Kevin 2530 , Winnipeg 1994 It (open) } ) ( 11...b6 12.Bg5 Bb7
13.h3 Bd8 14.dxe5 dxe5 15.Be3 Be7 16.Nd2 h6 17.Na4 Nh7 18.c5 b5 19.Nb6 Rad8
20.Qc1 Bg5 21.Nb3 Bxe3 22.Qxe3 Ng5 23.Red1 Nf6 24.f3 Bc8 25.Nxc8 Rxd1 26.Rxd1
Rxc8 27.Qd2 Ne6 28.Qd6 Qxd6 29.Rxd6 Kf8 30.h4 Ke7 31.g3 { ...1/2-1/2, Lapienis
Donatas 2294 - Piesina Gintautas 2398 , Vilnius 1999 Ch Lithuania } ) 12.a3 (
12.d5 c5 13.a3 cxb4 14.axb4 b5 15.Qb3 bxc4 16.Qxc4 Qxc4 17.Bxc4 Nb6 18.Bf1 Bg4
19.Be3 Rec8 20.Bxb6 Rxc3 21.Nd2 Bd7 22.Rec1 Rxc1 23.Rxc1 g6 24.Rc7 Bb5 25.f3
Ne8 26.Rc3 Bh6 27.Nb1 f5 28.Na3 Bxf1 29.Kxf1 fxe4 30.fxe4 Rb8 31.Rc6 Nf6 {
...1-0, Tzermiadianos Andreas 2420 - Bagaturov Giorgi 2485 , Athens 1997 It
(open) "Acropolis" } ) ( 12.h3 b5 13.a4 exd4 14.Nxd4 c5 15.bxc5 dxc5 16.Nf5 b4
17.Nd5 Nxd5 18.cxd5 Nf6 19.Qf3 Nxd5 20.exd5 { 1/2-1/2, Vera Reynaldo 2495 -
Zapata Alonso 2530 , Linares 1992 It } ) ( 12.Bd2 b6 13.d5 c5 14.a3 g6 15.Na4
Rb8 16.Rb2 Bg7 17.Qb1 h6 18.g3 Kh7 19.bxc5 bxc5 20.Bd3 Rf8 21.Nh4 Ng8 22.Rxb8
Nxb8 23.Qb6 Qxb6 24.Nxb6 Bf6 25.Nxc8 Rxc8 26.Nf3 Nd7 27.Rb1 Bd8 28.Ne1 Rb8
29.Rxb8 Nxb8 30.f4 f6 31.Nc2 Kg7 { ...1-0, Dorfman Josif D 2608 - Perez Flavio
2205 , Monte Carlo 3. 2.2004 It (sheveningen) } ) ( 12.Bg5 h6 13.Bh4 g5 14.Bg3
Nh5 15.dxe5 dxe5 16.Nxe5 Nxg3 17.Nxd7 Bg7 18.hxg3 Bxc3 19.Qf3 Bxe1 20.Nf6+ Kf8
21.Nxe8 Bxf2+ 22.Kxf2 Kxe8 23.Qf6 Qe7 24.Qxh6 Qe5 25.Rd1 Be6 26.Qh5 a5 27.bxa5
Qc5+ 28.Ke1 Qxa5+ 29.Rd2 Ke7 30.Qd1 Qe5 31.Qb3 b5 { ...0-1, Knaak Rainer 2520
- Espig Lutz 2480 , Halle 1976 It } ) 12...b6 ( 12...exd4 13.Nxd4 g6 14.Bg5
Bg7 15.Qd2 b5 16.Rbc1 c5 17.Nb3 bxc4 18.Bxc4 Nb6 19.Nd5 Nbxd5 20.Bxd5 Nxd5
21.exd5 Rxe1+ 22.Rxe1 Bd7 23.bxc5 dxc5 24.d6 Qb6 25.Qd5 Re8 26.Rxe8+ Bxe8
27.d7 Bxd7 28.Qa8+ Bf8 29.Be7 { 1-0, Flear Christine 2185 - Bricard Emmanuel
2453 , Cannes 1988 } ) ( 12...g6 13.h3 Bg7 14.Bg5 b6 15.Qd2 Bb7 16.d5 c5
17.Rb3 Nf8 18.bxc5 bxc5 19.Reb1 Ra7 20.Qb2 Ba8 21.Be3 Re7 22.Ne1 Rb7 23.Bd3
Qb8 24.Rb6 Rec7 25.Qb3 N8d7 26.Rxb7 Rxb7 27.Qa4 Rxb1 28.Nxb1 Qb6 29.Nd2 Bb7
30.Nb3 Qc7 31.Na5 Kf8 32.Bd2 { ...1-0, Banas Jan 2375 - Pietinen Pekka 2084 ,
Kuopio 1992 It "Heart of Finland" } ) 13.Bd2 ( 13.Bb2 g6 14.Qc2 Bg7 15.Rbd1
Qb8 16.h3 Ra7 17.Bc1 Qa8 18.Be3 Bf8 19.Nd2 Rc7 20.Nb3 a5 21.Ra1 Bb7 22.f3 Rcc8
23.Qf2 c5 24.dxc5 dxc5 25.bxa5 bxa5 26.a4 Qa7 27.Red1 Nb8 28.Rab1 Ba8 29.Nb5
Qb6 30.Rd5 Na6 31.Rbd1 Nxd5 32.cxd5 Bd6 { ...1-0, Darga Klaus 2453 -
Heidenfeld Mark 2368 , Germany 1999 Bundesliga (2nd) South 1998/99 } )
13...exd4 { N } ( 13...Bb7 14.d5 Rac8 15.Qb3 h6 16.Rec1 Qb8 17.Ne1 Qa8 18.f3
Be7 19.Be3 cxd5 20.cxd5 Nh5 21.Nd3 Bg5 22.Bxg5 hxg5 23.Nb2 Qa7 24.Ncd1 Qb8
25.Qe3 f6 26.g3 Rxc1 27.Rxc1 Rc8 28.Bh3 Rxc1 29.Qxc1 Qd8 30.Ne3 g6 31.Nec4 Nb8
32.Qe3 b5 33.Be6+ { ...1/2-1/2, Marzik Hans - Birke Matthias Dr 2280 ,
Baden-Wuerttemberg 1991 Oberliga Baden 1990/91 } ) 14.Nxd4 { } 14...Bb7 15.Nf5
g6 16.Nh6+ Kg7 17.h3 Re6 18.Rb3 { ?! } ( 18.Bg5 { !? } 18...Rae8 19.Rc1 Qb8
20.Qd2 { } ) 18...Rae8 19.Qa1 d5 { ?! } ( 19...b5 { !? } 20.Rc1 Qd8 21.a4 bxa4
{ } ) 20.cxd5 cxd5 21.Rc1 dxe4 { ?! } ( 21...Qe5 { !? } 22.exd5 R6e7 23.Rd1
Kh8 { } ) 22.Nxe4 Qe5 23.Nxf6 Nxf6 24.Bc3 Qf4 { ? } ( { ? } 24...Qg5 25.Ng4
Be7 26.Be5 Kg8 { } ) 25.Ng4 Be7 26.Be5 Qf5 27.Rc7 Bd5 28.Re3 Bd8 { ?! } (
28...h5 { !? } 29.Be2 Qg5 30.Rxe7 R8xe7 { } ) 29.Bd3 Qg5 30.Rc8 { } {#r} 1-0

[Event "Ch Belgium (open)"]
[Site "masterchessopen.com - Westerlo (Belgium)"]
[Round "3"]
[White "Du Pont David (BEL)"]
[Black "Baete Guy (BEL)"]
[Result "1-0"]
[WhiteElo "2087"]
[BlackElo "1705"]

1.d4 d6 2.c4 e5 3.Nf3 Nd7 4.Nc3 Ngf6 5.e4 c6 6.Be2 h6 7.Be3 Be7 8.d5 Qc7 9.O-O
Nf8 10.Qc2 g5 11.b4 Ng6 12.c5 Nf4 13.Bc4 Qd7 14.dxc6 bxc6 15.Rad1 Qg4 16.Ne1
dxc5 17.Bxc5 Qh5 18.Bxe7 Ng4 19.Nf3 Kxe7 20.Ne2 Qg6 21.Qc3 Be6 22.Ng3 Bxc4
23.Qxc4 Qe6 24.Qc5+ Ke8 25.Rd6 {#r} 1-0

[Event "It (open)"]
[Site "masterchessopen.com - Montpellier (France)"]
[Date "2004.07.06"]
[Round "2"]
[White "Bauer Christian (FRA)"]
[Black "Beudaert Xavier (FRA)"]
[Result "1-0"]
[WhiteElo "2622"]
[BlackElo "2328"]

1.d4 Nf6 2.c4 d6 3.Nc3 Nbd7 4.e4 e5 5.Nf3 Be7 6.Be2 c6 7.O-O O-O 8.Re1 Qc7
9.Bg5 Re8 10.Rc1 Nf8 11.h3 Qb8 12.Bf1 a6 13.a3 a5 14.Bh4 Nh5 15.Bxe7 Rxe7
16.Na4 Nd7 17.c5 dxc5 18.Nxe5 Rxe5 19.dxe5 Qxe5 20.Rxc5 {#r} 1-0

[Event "It (open)"]
[Site "masterchessopen.com - Creon (France)"]
[Date "2004.08.06"]
[Round "7"]
[White "Van Der Stricht Geert (BEL)"]
[Black "Bazart David (FRA)"]
[Result "1-0"]
[WhiteElo "2413"]
[BlackElo "2176"]

1.d4 Nf6 2.c4 d6 3.Nc3 Nbd7 4.e4 e5 5.Nf3 Be7 6.Be2 O-O 7.O-O c6 8.Re1 a6
9.Rb1 b5 10.a3 Re8 11.Bf1 Qc7 12.h3 Bf8 13.d5 cxd5 14.cxd5 Bb7 15.Be3 Rec8
16.Nd2 Nb6 17.Rc1 Qd8 18.b4 Nfd7 19.Nb3 Rab8 20.Na5 f5 21.exf5 Ba8 22.g4 Qe8
23.Bg2 Nc4 24.Nc6 Rb7 25.a4 {#r} 1-0

[Event "Ch Poland (team) (2nd liga)"]
[Site "masterchessopen.com - Polanica Zdroj (Poland)"]
[Date "2004.09.06"]
[Round "3"]
[White "Luksik Mateusz (POL)"]
[Black "Rawski Slawomir (POL)"]
[Result "0-1"]
[WhiteElo "2169"]
[BlackElo "2278"]

1.d4 Nf6 2.Nf3 d6 3.c4 Nbd7 4.Nc3 e5 5.e4 Be7 6.Be2 O-O 7.O-O c6 8.b3 Qc7
9.Ba3 Re8 10.d5 g6 11.Nd2 Bf8 12.b4 a6 13.dxc6 bxc6 14.Nb3 Bb7 15.Na5 Rab8
16.Nxb7 Rxb7 17.Rb1 Reb8 18.Qa4 Nb6 19.Qd1 Nbd7 20.Qd3 Be7 21.Bd1 Nf8 22.Bb3
Ne6 23.Rfd1 Nf4 24.Qd2 Qd7 25.Ba4 Qc8 26.Qc2 N6h5 27.Ne2 Nxe2+ 28.Qxe2 Nf4
29.Qf1 a5 30.b5 c5 {#R} 0-1

[Event "It"]
[Site "masterchessopen.com - Belfort (France)"]
[Date "2004.10.30"]
[Round "8"]
[White "Desle Regis (FRA)"]
[Black "Mensch Etienne (FRA)"]
[Result "0-1"]
[WhiteElo "2171"]
[BlackElo "2330"]

1.d4 Nf6 2.c4 d6 3.Nf3 Nbd7 4.Nc3 e5 5.e4 Be7 6.g3 O-O 7.Bg2 c6 8.O-O a6 9.a4
a5 10.h3 Re8 11.Re1 Qc7 12.Be3 Nf8 13.Qc2 Ng6 14.Rad1 h5 15.Bg5 Nh7 16.Bxe7
Qxe7 17.Qd2 Qf6 18.Qe3 h4 19.Rd2 exd4 20.Rxd4 Ne5 21.Red1 hxg3 22.fxg3 Bxh3
23.Qf4 Bxg2 24.Kxg2 c5 25.Rxd6 Qxf4 26.gxf4 Nxc4 {#R} 0-1

[Event "It (open)"]
[Site "masterchessopen.com - Los Inmortales (Dominicana)"]
[Round "4"]
[White "Ermenkov Evgenij (PLE)"]
[Black "Alvarado Nelson (DOM)"]
[Result "1-0"]
[WhiteElo "2454"]
[BlackElo "2290"]

1.c4 e5 2.Nc3 Nf6 3.Nf3 d6 4.d4 Nbd7 5.e4 c6 6.Be2 Be7 7.O-O O-O 8.Qc2 Qc7
9.Rd1 exd4 10.Nxd4 Re8 11.Bf1 Bf8 12.g3 Nc5 13.Bg2 Bg4 14.f3 Bh5 15.Nde2 Ne6
16.Be3 Rad8 17.Qd2 Nd7 18.g4 Bxg4 19.fxg4 Ne5 20.Kh1 Nxc4 21.Qc1 Ne5 22.h3 Qe7
23.Nd4 b5 24.b3 Nc5 25.Qc2 g6 26.Rac1 Bg7 27.b4 Na6 28.Nxc6 {#r} 1-0